Fredes Sang Lyrics - Statistics

General Stats
  • This quiz has been taken 4 times
  • The average score is 64 of 93
Answer Stats
Answer % Correct
11
100%
Bor
100%
Bror
100%
Brus
100%
Det
100%
Du
100%
Du
100%
Elsker
100%
Fillimus
100%
Frede
100%
Frikadeller
100%
Går
100%
Grønne
100%
Hedder
100%
Hedder
100%
Hedder
100%
Hus
100%
Hva´
100%
I
100%
I
100%
I
100%
Jeg
100%
Jeg
100%
Jeg
100%
Jeg
100%
Jeg
100%
Jeg
100%
Jeg
100%
Lille
100%
Lille
100%
Med
100%
Med
100%
Med
100%
Min
100%
Nu
100%
Nummer
100%
Og
100%
Og
100%
Og
100%
Og
100%
Sodavand
100%
Alle
67%
Bli´r
67%
Dem
67%
Den
67%
En
67%
En
67%
Fugl
67%
Glad
67%
Han
67%
Hjem
67%
Hurra
67%
Made
67%
Næbbet
67%
Nok
67%
Orm
67%
67%
67%
67%
Sine
67%
Skal
67%
Skinner
67%
Solen
67%
Solen
67%
Sommerfugl
67%
Til
67%
Unger
67%
Altid
33%
Blomster
33%
Dyrene
33%
Godavs
33%
Har
33%
Hvide
33%
Leg´tøjslastbil
33%
Marken
33%
Når
33%
Op
33%
Op
33%
Står
33%
Står
33%
Store
33%
Tidligt
33%
Tidligt
33%
Vågner
33%
Bløde
0%
Der
0%
Der
0%
Er
0%
Er
0%
Gul
0%
Gummihjul
0%
0%
Rart
0%
No matching quizzes found
Score Distribution
Percent of People with Each Score
Percentile by Number Answered
Your Score History
You have not taken this quiz